000
00267nam a2200133Ia 4500
008
230312s9999||||xx |||||||||||||| ||und||
082
_a
530
_b
RES-P
100
_a
Resnick
245
0
_a
Physics
260
_b
Wiley
546
_a
Eng.
650
_a
Physics
942
_c
BK
999
_c
6015
_d
6015